MDQL
is popping MORE tags! Check the
thread
!
Quizzes
Events
Quiz Creation
Community
Videos
Private Events
Remove Ads
Sign In
Join for FREE
Feedback
Dark Mode
Quiz Categories
Sports
Geography
Music
Movies
Television
Just For Fun
Miscellaneous
History
Literature
Language
Science
Gaming
Entertainment
Religion
Holiday
For Kids
Quiz Lab
Recent
Popular Today
Quiz Kudos Today
Editor Picks
Curator Picks
Quizzes by...
Day
Popularity
Type
Ratings
Length
Year
Community
Subscriptions
Recent Discussions
Orange Saloon
Badges
Playlists
Quests
Create
Leaderboards
Showdown
Live 5
Trivia Bingo
Activity
Puzzle Library
Sporcle Events
Private Events
Virtual Trivia
Globe League
Become a Host
Pub Owners
SporcleCon
Opinionation
Our Games
Videos
Blog
Mobile Apps
Partnerships
Remove Ads and Go Orange
Feedback
Music
Pop Music
The Beatles
Song
Album
Lyrics
Bands
Singers
Artist
Clip
Rock
Rap
Classical
Billboard
Country Music
Kpop
Taylor Swift
Music
Pop Music
The Beatles
Song
Album
Lyrics
Bands
Singers
Artist
Clip
Rock
Rap
Classical
Billboard
Country Music
Kpop
Taylor Swift
Random Quiz
Search Sporcle
×
Curator Pick
Curator Pick
Music
Song
Type in answers that appear in a list
Type in answers that appear in a list
Classic
Best Score? Go Orange.
VH1's 100 Spanish Songs ('90) Stats
Can you name the artist listed in VH1's 100 greatest spanish songs of the '90s?
By
Parrot1993
10m
100 Questions
201 Plays
201 Plays
201 Plays
Comments
Comments
Give Quiz Kudos
Give Quiz Kudos
-
- Ratings
hide this ad
Replay
Link that replays current quiz
Next Quiz
Link to next quiz in quiz playlist
You Got
0%
They Got
Avg Score
27%
Avg Friend Score
Upgrade to see
Score Distribution
Jump to the score distribution portion of the page
Score
0/100
Timer
10:00
0
Plays Today
Number
Artist
% Correct
3
Ricky Martin
86.1%
41
Ricky Martin
86.1%
52
Enrique Iglesias
65.7%
13
Shakira
65.2%
60
Shakira
65.2%
9
Alejandro Sanz
54.2%
35
Maná
48.8%
46
Thalía
47.8%
57
Gloria Estefan
44.3%
5
Chayanne
42.3%
17
Juan Luis Guerra
42.3%
15
Los Rodríguez
40.8%
56
Los Rodríguez
40.8%
12
Luis Miguel
39.3%
54
Luis Miguel
39.3%
4
Soda Stereo
38.8%
7
Andrés Calamaro
38.8%
23
Elvis Crespo
38.8%
69
Soda Stereo
38.8%
100
Andrés Calamaro
38.8%
8
Enanitos Verdes
37.8%
53
Molotov
35.8%
89
Molotov
35.8%
63
Nek
34.3%
1
Los Fabulosos Cadillacs
33.3%
37
Los Fabulosos Cadillacs
33.3%
2
Fito Páez
31.3%
40
Fito Páez
31.3%
59
Fito Páez
31.3%
92
Sergio Dalma
30.3%
6
Los Auténticos Decadentes
28.9%
33
Los Auténticos Decadentes
28.9%
65
Marta Sánchez
28.9%
88
Los Auténticos Decadentes
28.9%
Number
Artist
% Correct
29
Café Tacvba
27.9%
36
Carlos Vives
27.9%
43
Ricardo Arjona
26.9%
18
Rata Blanca
26.4%
26
Xuxa
26.4%
10
Attaque 77
25.9%
94
José Luis Rodríguez
25.4%
21
Vilma Palma e Vampiros
24.9%
14
Los Piojos
24.4%
61
Fabiana Cantilo
24.4%
62
Los Piojos
24.4%
67
Derek Lopez
24.4%
76
Charly García
24.4%
27
Bersuit Vergarabat
23.9%
68
Bersuit Vergarabat
23.9%
28
Gilda
22.9%
31
Christian Castro
22.9%
64
Gustavo Cerati
22.9%
72
Chichí Peralta
22.9%
20
Diego Torres
22.4%
79
Diego Torres
22.4%
45
Rodrigo
21.9%
48
Divididos
21.9%
78
Patricio Rey y sus Redonditos de Ricota
21.9%
83
La Mosca Tsé-Tsé
21.9%
16
Los Ratones Paranoicos
21.4%
44
Los Ratones Paranoicos
21.4%
74
Kapanga
21.4%
84
Los Ratones Paranoicos
21.4%
39
Soledad Pastorutti
20.9%
50
La Renga
20.9%
58
Los Caballeros De La Quema
20.9%
34
Azúcar Moreno
20.4%
55
La Mona Jiménez
20.4%
Number
Artist
% Correct
80
Los Twist
20.4%
86
Luis Alberto Spinetta
20.4%
11
Illya Kuryaki and the Valderramas
19.9%
19
Grupo Sombras
19.9%
49
Rosana
19.9%
51
Illya Kuryaki and the Valderramas
19.9%
71
Aterciopelados
19.9%
99
El Símbolo
19.4%
97
León Gieco
18.9%
66
Marcela Morelo
18.4%
75
Pappo
18.4%
87
2 Minutos
18.4%
47
Mano Negra
17.9%
42
Los Pericos
17.4%
25
Babasónicos
16.4%
81
Viejas Locas
16.4%
93
Babasónicos
16.4%
38
Os Paralamas Do Sucesso
15.9%
70
Eros Ramazzotti
15.9%
73
Control Machete
15.9%
90
La Portuaria
14.9%
77
La Zimbabwe
14.4%
95
Amistades Peligrosas
14.4%
91
Los Brujos
13.4%
98
Serú Girán
12.4%
22
Ulises Butrón
10.9%
30
Alejandro Lerner
10.9%
32
The Sacados
10.4%
85
Manuel Wirtz
10.4%
24
Jazzy Mel
9%
82
Los Guarros
9%
96
Man Ray
8%
Quiz Playlist
Details
Report
Send in Message
Add To Playlist
Classic:
Type in answers that appear in a list
Last Updated: Jul 10, 2021
Curator Pick in
Song
Quiz Scoreboard
CHALLENGE
Sign Up to Join the Scoreboard
Show All
Scores
Hide
Comments
May contain spoilers
Recently Published
Two Season TV Shows II
by 123Four
Television
10m
Image Sorting: Flags VI
by Barbecue
Geography
2m
Find the 'City' Movie
by crazypaving
Movies
60s
More to Explore
Quiz From the Vault
Featured Blog Post
14 Easter Pick-up Lines to Find Eggs With
hide this ad
You Might Also Like...
Tags
Artist Quiz
Song Quiz
Spanish Quiz
100
1990s
greatest
VH1
VH1 100
Today's Top Quizzes in Music
Browse Music
hide this ad
Today's Top Quizzes in Song
Browse Song
Top Contributed Quizzes in Music
1
5X2 Blitz: Bands II
2
5X2 Blitz: The Beatles
3
Taylor Swift All Songs (2024)
4
5X2 Blitz: Billboard
5
5X2 Blitz: Billboard II
6
Music Artist by Three 2010s hits
7
5X2 Blitz: Album
8
5X2 Blitz: Rock
9
5X2 Blitz: Singers
10
5X2 Blitz: Lyrics
Explore More
Trending Topics
Marvel
Crossword
Anime
NBA
Kpop
Harry Potter
Disney
NFL
Song
Soccer
Pokémon
Country
The Office
WWE
Puzzle
hide this ad
More By:
Parrot1993
Quiz
Plays
Rating
Category
Featured
Created
Boca Juniors XIs since 2006
14,771
5.00
Sports
Jan 14, 2017
River Plate XIs since 2006
6,868
5.00
Sports
Jan 13, 2017
Goodfellas Start to Finish
6,343
4.67
Movies
Sep 17, 2016
Argentina opponents at FIFA World Cup
3,859
4.55
Sports
Aug 21, 2013
Independiente XIs since 2006
3,834
5.00
Sports
Jan 4, 2017
Go to Creator's Profile
Score Distribution
Quiz Creator Spotlight
Parrot1993
Follow
Send a Message
Quizzes Created
-
Created Quiz Play Count
-
More By This Creator
Popular Quizzes Today
1
Find the US States - No Outlines Minefield
2
Colored Red Africa Blitz
3
Find the 'City' Movie
4
5x2 Blitz: Bands
5
The Countries of the World
6
Find the Countries of Europe - No Outlines Minefield
7
Find the US States
8
US States
More Music Quizzes
Recording Artist by Debut Album II
Published
Trending Quizzes
Colored Red Europe Blitz I
Colored Red Africa Blitz II
Colored Red Europe Blitz II
Colored Red Africa Blitz III
Even More Two Season TV Shows
Recently Updated
March Madness Men's Triple Doubles
pecheneg
How Do You Spell That?
pecheneg
Godzilla Movies
pecheneg
Grab Bag: 4-10 Letters
pecheneg
2024 March Madness Bracket
pecheneg
Famous TV Couples
Peacemaker
Champions League XIs: Real Madrid
pecheneg
Largest US Cities 1790-2010
pecheneg
Rides in Walt Disney World
pecheneg
Most Oscar Losses (Acting)
pecheneg
Trending Topics
Marvel
Crossword
Anime
Disney
Kpop
NBA
Harry Potter
Pokémon
Puzzle
Soccer
NFL
The Office
Song
Country
WWE
Your Account Isn't Verified!
In order to create a playlist on Sporcle, you need to verify the email address you used during registration. Go to your
Sporcle Settings
to finish the process.
Report this User
Report this user for behavior that violates our
Community Guidelines
.
Details:
Send Report
Go to the Sporcle.com Mobile Site →
Comments